Регионална библиотека "Любен Каравелов" - Русе

Пясъчните крале (Запис номер 55048)

MARC детайли
000 -Лидер
Контролно поле с фиксирана дължина 01450nam a2200349 c 4500
003 - Код на организацията, давaща контролен номер
Контролно поле BLK
005 - Дата и час на последна редакция
Контролно поле 20231228105750.0
008 - Елементи от данни с фиксирана дължина
fixed length control field 180408b bul|||||r ||||||| ||bul||
010 ## - Наследен системен номер
LC control number KNG00059013000
020 ## - Международен стандартен номер на книга ISBN
Международен стандартен номер на книга ISBN 978-954-655-097-2
-- издат.: Бард
040 ## - Източник на каталожния запис
Идентификатор на билиотеката - собственик на записа BLK
041 ## - Код за език
Код за езика на текст/звукозапис или на отделно заглавие Български
Код за езика КДБФ Български
072 #7 - Код за тематичната категория
Код организация bullib
Код за тематична категория Н83
Текст Чужда художествена литература Н
080 ## - УДК
Текстов определител УДК Американска литература (на САЩ)
УДК код - определител по УДК 821.111(73)
УДК определител -322.9
УДК - код + определител 821.111(73)-322.9
100 1# - Редна дума - Автор
Автор Мартин, Джордж Реймънд Ричард
Авторска отговорност първи автор
R(LIN) 258212
139 ## - Редно поле
Редна дума Мартин, Джордж Реймънд Ричард
Авторски знак Март - М 34
245 10 - Сведения за заглавието
Заглавие Пясъчните крале
Подзаглавни данни Повести и разкази
Редно поле (дума) Джордж Реймънд Ричард Мартин; състав. и прев. Юлиян Иванов Стойнов.
257 ## - Страна на издаване
Страна на създаване/издаване Съединени американски щати
260 ## - Област на издателските данни
-- София
Име на издателя, разпространителя и проч. Бард
Година на издаване 2010
Печатница Хасково : Полиграфюг
300 ## - Физическа характеристика
Страници 336 с.
Размери/Мащаб 20 см
380 ## - Жанр
Жанр Худож. лит.
490 1# - СЕРИИ (Колекции)
Име на серия Избрана световна фантастика
490 1# - СЕРИИ (Колекции)
-- Подсерия
Име на серия Фантастика
№: серия 165
659 ## - Тематичен бюлетин
Тематичен бюлетин Н
700 ## - Други автори (авторска отговорност)
Лично име Стойнов, Юлиян Иванов
9 (RLIN) 249851
852 ## - Местоположение
Форматна сигнатура Цб 252290
856 4# - Електронен адрес и достъп
Електронен формат pdf - файл
Път до файла /url/
856 4# - Електронен адрес и достъп
Електронен формат pdf - файл
Път до файла /url/
942 ## - АРТИКУЛИ
Вид на библиотечния материал Книги
Скрит в OPAC Не
Koha issues (borrowed), all copies 4
944 ## - СЪЗДАВАНЕ И РЕДАКЦИЯ на ЗАПИСА
Създаване/Редакция Създаване
Дата на регистрацията/редакция 08.07.2011
Служител, извършил регистрацията/редакцията 30560
Статус, дата на статуса Геновева Генчева
944 ## - СЪЗДАВАНЕ И РЕДАКЦИЯ на ЗАПИСА
Създаване/Редакция Редакция
Дата на регистрацията/редакция 27.10.2011
Служител, извършил регистрацията/редакцията
999 ## - СИСТЕМНИ КОНТРОЛНИ НОМЕРА
Koha biblionumber 55048
Koha biblioitemnumber 55048
Наличности
Код за отписване Код за изгубен артикул Код за повреда Коз за рестрикции Код за отдаване Артикулен № Име на библиотеката - собственик Име на библиотеката, в която се намира в момента Статус (Текущо местоположение) Дата на вписване в системата Местоположение - отдел Цена в лева Инвентарен номер Систематично азбучна сигнатура Баркод Номер на екземпляра Цена в евро Служебна бележка Служебен тип на артикула Източник на класификационната схема
  Не е изгубен Не е повреден без рестрикции ползва се в читалня 86668 Регионална библиотека "Любен Каравелов" Русе Регионална библиотека "Любен Каравелов" Русе Хранилище 2011-07-07 Хранилище 11.99 120000751848 Цб 252290 120000751848 1 6.13 Дост: Dp Вид: Д N: 4 Дата: 24.01.2011 Книги  
  Не е изгубен Не е повреден без рестрикции заемане за дома 754225 Регионална библиотека "Любен Каравелов" Русе Регионална библиотека "Любен Каравелов" Русе Заемна - подръчен фонд 2020-01-17 Заемна - подръчен фонд 11.99   П 820(73)-32/М 34 120000841457   6.13   Книги Universal Decimal Classification
Vip Innovations Ltd, Rousse, Bulgaria 2025